000 00766nmm a2200265 a 4500
003 AR-BaBNM
005 20251128203045.0
008 011101s1964 ||||||||||||||000 | spa||
040 _cAR-BaBNM
100 1 _aSymonds, Percival M.
245 1 0 _aQue enseña la psicología a la educación
260 _aBuenos Aires
_bPaidós
_c1964
300 0 _a181 p.
_btablas
500 0 _aContiene referencias bibliográficas
650 4 _aPSICOLOGIA DE LA EDUCACION
650 4 _aTEORIAS DEL APRENDIZAJE
650 4 _aDIFERENCIAS INDIVIDUALES
650 4 _aMOTIVACION DEL ALUMNO
650 4 _aPRINCIPIO DE PLACER
650 4 _aDOLOR
653 0 _aPROCESO DE ENSENANZA-APRENDIZAJE
700 1 _aMelere, Francisca C. de
_etraductor
942 _cBK
998 _cSILVI
999 _c1693
_d1693